| 000 | 00431nam a2200157Ia 4500 | ||
|---|---|---|---|
| 008 | 230312s9999||||xx |||||||||||||| ||und|| | ||
| 020 | _a81-8431-090-0 | ||
| 082 |
_a621.3115 _bBAK-A |
||
| 100 | _aBakshi,U.A | ||
| 245 | 0 | _aAnalog Integrated Circuits | |
| 260 |
_bTechnical Publications Pune _aIndia _c2008 |
||
| 300 | _aA-18 | ||
| 546 | _aEng. | ||
| 650 |
_aEngineering _vDifferential Amplifier,Current Mirror Circuit |
||
| 942 | _cBK | ||
| 999 |
_c1514 _d1514 |
||